| 000 | 00949nam a2200265Ia 4500 | ||
|---|---|---|---|
| 003 | OSt | ||
| 005 | 20221005104213.0 | ||
| 006 | a|||||r|||| 00| 0 | ||
| 007 | ta | ||
| 008 | 221004b |||||||| |||| 00| 0 san d | ||
| 020 |
_a8187418044 (hbk) _c1200 |
||
| 024 | _a19707 | ||
| 037 |
_b273, 03/03/2015, Eastern Book Linkers _cTextual |
||
| 040 |
_aCRL _cCRL _bsan |
||
| 041 |
_2san _asan |
||
| 082 | _aV2:72, 152Q0 | ||
| 100 | _aसैनी, रणजीत सिंह | ||
| 245 | 0 | _aअभिलेख मन्जूषा | |
| 246 | _aAbhilekh manjūṣhā | ||
| 260 |
_aदिल्ली _bन्यू भारतीय बुक कॉर्पोरेशन भारत _c2010 |
||
| 300 |
_a382पृ0 _ccm. |
||
| 650 | _aविश्व-इतिहास | ||
| 942 |
_hV2:72, 152Q0 _cTEXL _2cc |
||
| 999 |
_c1012015 _d1012015 |
||